Hundred Great Modern Lives (Record no. 1295)

MARC details
000 -LEADER
fixed length control field 00579nam a2200241 a 4500
020 ## - INTERNATIONAL STANDARD BOOK NUMBER
ISBN
082 00 - DEWEY DECIMAL CLASSIFICATION NUMBER
Classification number 923
Author Cutter CAN
100 ## - MAIN ENTRY--AUTHOR NAME
Author name Canning, John
245 ## - TITLE STATEMENT
Title Hundred Great Modern Lives
260 ## - PUBLICATION, DISTRIBUTION, ETC. (IMPRINT)
Place of publication Long Acre, London
Name of publisher Odhams Books Limited
Year of publication 1967
300 ## - PHYSICAL DESCRIPTION
Number of Pages 640p
500 ## - GENERAL NOTE
General note includes index and biblioraphy
505 2# - FORMATTED CONTENTS NOTE
Formatted contents note illustration
650 ## - SUBJECT ADDED ENTRY--TOPICAL TERM
Topical Term Biography
942 ## - ADDED ENTRY ELEMENTS (KOHA)
Koha item type Books
700 1# -
-- Canning, John
Holdings
Collection code Home library Current library Date acquired Cost, normal purchase price Full call number Accession Number Koha item type
  Henry Martyn Institute Library Henry Martyn Institute Library 05/24/2005 27.00 923 CAN 03461 Books
                   Copyright © 2026 | Henry Martyn Institute | Hyderabad | TS-500052 | INDIA | Implemented by hmi.edu.in
Hit-Count:

Powered by Koha